00369 a2200097 4500001001000000005001700010008004100027245011700068100001900185773006700204ART_1558320260410161735.0260409a 10aCambio estructural, inserción internacional y heterogeneidad creciente en la industria manufacturera argentina1 aKatz, Jorge M.0 tEjecutivos de finanzasg- Año 6, Nº 50 (oct. 1988)wREV2863